| 000 | 00435nam a2200193Ia 4500 | ||
|---|---|---|---|
| 008 | 210210b1942 xxu||||| |||| 00| 0 eng d | ||
| 041 | _aeng | ||
| 082 | _a539/78 | ||
| 100 | _aMOSS (Sanford A) | ||
| 245 | _aSuperchargers for aviation | ||
| 260 |
_aNew York _b- _c1942 |
||
| 300 | _a103 | ||
| 650 | _aSuperchargers | ||
| 650 | _afor | ||
| 650 | _aaviation | ||
| 650 | _a0Superchargers | ||
| 690 | _aPhysics | ||
| 906 | _a009094 | ||
| 999 |
_c127841 _d127841 |
||